UBT Library

Williams obstetrics. (Record no. 44435)

000 -LEADER
fixed length control field 00752pam a2200253 a 4500
001 - CONTROL NUMBER
control field 2049559
005 - DATE AND TIME OF LATEST TRANSACTION
control field 20180308045531.0
008 - FIXED-LENGTH DATA ELEMENTS--GENERAL INFORMATION
fixed length control field 930112s1993 ctua b 001 0 eng c
010 ## - LIBRARY OF CONGRESS CONTROL NUMBER
LC control number 93006569
020 ## - INTERNATIONAL STANDARD BOOK NUMBER
International Standard Book Number 0838596347
040 ## - CATALOGING SOURCE
Original cataloging agency DNLM/DLC
Transcribing agency DLC
Modifying agency DLC
041 ## - LANGUAGE CODE
Language code of text/sound track or separate title eng
060 ## - NATIONAL LIBRARY OF MEDICINE CALL NUMBER
Classification number WQ 100 W7283 1993
080 ## - UNIVERSAL DECIMAL CLASSIFICATION NUMBER
Universal Decimal Classification number 618.2 GAR
082 00 - DEWEY DECIMAL CLASSIFICATION NUMBER
Classification number 618.2 GAR
Edition number 20
100 ## - Rafti
Rafti 10
101 ## - Shkurtesa
Shkurtesa GYN
245 00 - TITLE STATEMENT
Title Williams obstetrics.
504 ## - BIBLIOGRAPHY, ETC. NOTE
Bibliography, etc Includes bibliographical references and index.
740 0# - ADDED ENTRY--UNCONTROLLED RELATED/ANALYTICAL TITLE
Uncontrolled related/analytical title Obstetrics.
906 ## - LOCAL DATA ELEMENT F, LDF (RLIN)
a 7
b cbc
c orignew
d 1
e ocip
f 19
g y-gencatlg
942 ## - ADDED ENTRY ELEMENTS (KOHA)
Source of classification or shelving scheme
Item type Books
Holdings
Withdrawn status Lost status Source of classification or shelving scheme Damaged status Not for loan Collection code Permanent location Current location Shelving location Date acquired Total Checkouts Full call number Barcode Date last seen Price effective from Koha item type
          Koleksioni i përgjithshem UBT - Lipjan UBT - Lipjan Koleksioni i përgjithshem 03/08/2018   618.2 GAR 002-3001347 03/08/2018 03/08/2018 Books
UBT Library © 2015-2024. All rights reserved University Education for Business and Technology